• 首页
  • 本馆介绍
  • 公告通知
  • 最新文献
  • 馆藏检索
  • 电子资源
  • 读者导购
  • 参考咨询
  • 我的图书馆
  • 登录
  • 详细信息显示
  • 放入我的书架
  • 预约/预借图书
  • 作者相关作品
  • 分类相关作品
  • 丛书相关作品
  • 出版社相关作品

书目信息

  • 表格格式
  • 工作单格式
  • 卡片格式
题名:
西方戏剧经典
    
 
作者: 王小玲 , 杨莉芳 主编
分册: 第1册  
出版信息: 合肥   安徽大学出版社  2014.07
页数: 442页
开本: 24cm
丛书名: 大学精品资源共享课程系列
单 册:
中图分类: I106.3
科图分类:
主题词: 戏剧文学--xi ju wen xue--文学欣赏--西方国家
电子资源:
ISBN: 978-7-5664-0799-3
000 00927nam 2200265 450
001 CAL 0120141393908
005 20230302192222.57
010    @a978-7-5664-0799-3@dCNY44.80
100    @a20140930d2014 em y0chiy0120 ea
101 0  @achi
102    @aCN@b340000
105    @ay z 000yy
106    @ar
200 1  @a西方戏剧经典@Axi fang xi ju jing dian@h第1册@f王小玲, 杨莉芳主编
210    @a合肥@c安徽大学出版社@d2014.07
215    @a442页@d24cm
225 2  @a大学精品资源共享课程系列@Ada xue jing pin zi yuan gong xiang ke cheng xi lie
330    @a本书内容包括: 阿伽门农 ; 奥狄浦斯王 ; 美狄亚 ; 鸟 ; 罗密欧与朱丽叶 ; 哈姆雷特等。
410  0 @12001 @a大学精品资源共享课程系列
606 0  @a戏剧文学@Axi ju wen xue@x文学欣赏@x西方国家
690    @aI106.3@v5
701  0 @a王小玲@Awang xiao ling@4主编
701  0 @a杨莉芳@Ayang li fang@4主编
801  0 @aCN@bBJXHZP@c20230228
905    @b1379945-8@dI106.3@e323:1@f4
    
    西方戏剧经典.第1册/王小玲, 杨莉芳主编.-合肥:安徽大学出版社,2014.07
    442页;24cm.-(大学精品资源共享课程系列)
    
    
    ISBN 978-7-5664-0799-3:CNY44.80
    本书内容包括: 阿伽门农 ; 奥狄浦斯王 ; 美狄亚 ; 鸟 ; 罗密欧与朱丽叶 ; 哈姆雷特等。
●
相关链接 在E读中查询图书 在五车中查询图书 在当当中查询图书 在豆瓣中查询图书


正题名:西方戏剧经典     索取号:I106.3/323:1         预约/预借

序号 登录号 条形码 馆藏地/架位号 状态 备注
1 1379945   213799451   第一样本阅览室/ [索取号:I106.3/323:1] 在馆    
2 1379946   213799460   第二借阅区/ [索取号:I106.3/323:1] 在馆    
3 1379947   213799479   第二借阅区/ [索取号:I106.3/323:1] 在馆    
4 1379948   213799488   第二借阅区/ [索取号:I106.3/323:1] 在馆    
唐山师范学院图书馆 欢迎您!
大连网信软件有限公司© 版权所有